[Event "BCF-ch"]
[Site "Portsmouth"]
[Date "1976.08.14"]
[Round "6"]
[White "McDonald Ross, Michael"]
[Black "Povah, Nigel E"]
[Result "0-1"]
[WhiteElo "2280"]
[BlackElo "2300"]

1.d4 Nf6 2.Bg5 c5 3.Bxf6 gxf6 4.d5 Qb6 5.Nd2 Qxb2 6.e3 f5 7.Rb1 Qxa2 8.Nc4 Bg7
9.Rb3 Qa4 10.Qb1 O-O 11.Bd3 b5 12.Rxb5 Ba6 13.Rxc5 d6 14.Rc7 Nd7 15.Nf3 Nc5
16.Nfd2 Bc3 17.O-O Bxd2 18.Nxd2 Qa5 19.Bxf5 Qxd2 20.Rd1 Qc3 21.Rd4 Be2 22.Rb4 a5  0-1

[Event "Banja Luka"]
[Site "Banja Luka"]
[Date "1976.??.??"]
[Round "13"]
[White "Hort, Vlastimil"]
[Black "Sibarevic, Milenko"]
[Result "1-0"]
[WhiteElo "2600"]
[BlackElo "2340"]

1.d4 Nf6 2.Bg5 c5 3.Bxf6 exf6 4.e3 Qb6 5.b3 cxd4 6.exd4 d5 7.Bd3 Nc6 8.c3 Bd6
9.Nf3 O-O 10.O-O Bg4 11.h3 Bh5 12.Nbd2 Bg6 13.Bxg6 hxg6 14.Re1 Rac8 15.Rc1 Bf4
16.g3 Bh6 17.Rc2 Qc7 18.Nb1 Qd7 19.Kg2 g5 20.Rce2 g4 21.hxg4 Qxg4 22.Qd3 g6
23.Qb5 Rfd8 24.Qxb7 Bf8 25.Nbd2 Kg7 26.Nf1 Qd7 27.Qxd7 Rxd7 28.Re8 Rcc7 29.Ne3 Nd8
30.c4 dxc4 31.bxc4 Nc6 32.Rb1 Nxd4 33.Nxd4 Rxd4 34.Rbb8 Bd6 35.Nf5+  1-0

[Event "North Sea"]
[Site "Esbjerg"]
[Date "1976.??.??"]
[Round "2"]
[White "Brondum, Eric"]
[Black "Rath, Ulrik"]
[Result "1/2-1/2"]
[WhiteElo "2340"]
[BlackElo "2350"]

1.d4 Nf6 2.Bg5 d5 3.Bxf6 exf6 4.e3 Be6 5.Bd3 Nd7 6.Ne2 f5 7.Nf4 Bd6 8.Nd2 Nf6
9.Nxe6 fxe6 10.c4 g6 11.Qb3 Qc8 12.Rc1 c6 13.O-O O-O 14.f4 Kh8 15.Be2 Qd7
16.c5 Bc7 17.Rb1 Rae8 18.Qc2 Rg8 19.Nf3 h6 20.b4 a6 21.a4 g5 22.Ne5 Qg7 23.Bf3 gxf4
24.exf4 Ng4 25.Qd2 Ra8 26.Bxg4 fxg4 27.b5 axb5 28.axb5 Rgf8 29.bxc6 Bxe5
30.dxe5 bxc6 31.Rb6 Rac8 32.g3 Qg6 33.Qb4 Rc7 34.Qd2 Kh7 35.Rfb1 Ra8 36.Rb7 Ra7
37.Rxc7+ Rxc7 38.Qb4 Qd3 39.Qb8 Rg7 40.Qb6 Qe3+ 41.Kf1 Qf3+ 42.Kg1 Qe3+ 43.Kf1 d4
44.Qb3 Qe4 45.Kf2 Rd7 46.Re1 Qf5 47.Ke2 Ra7 48.Qb1  1/2-1/2

[Event "North Sea"]
[Site "Esbjerg"]
[Date "1976.??.??"]
[Round "9"]
[White "Brondum, Eric"]
[Black "Kristiansen, Jens"]
[Result "1/2-1/2"]
[WhiteElo "2340"]
[BlackElo "2405"]

1.d4 Nf6 2.Bg5 d5 3.Bxf6 exf6 4.e3 Be6 5.Bd3 Nd7 6.Qf3 c6 7.Ne2 Bd6 8.Nd2 Qc7
9.Nf4 g6 10.g4 O-O-O 11.O-O-O Kb8 12.Kb1 Rde8 13.h3 Rhf8 14.Ne2 Be7 15.Rc1 Nb6
16.Qf4 Qxf4 17.Nxf4 Bd6 18.b3 Rd8 19.c3 Rh8 20.a4 a5 21.Kc2 Bc8 22.Be2  1/2-1/2

[Event "Haifa ol (Men)"]
[Site "Haifa"]
[Date "1976.??.??"]
[Round "?"]
[White "Hook, William"]
[Black "Hamada, P."]
[Result "1-0"]
[WhiteElo "2210"]
[BlackElo "2200"]

1.d4 Nf6 2.Bg5 g6 3.Bxf6 exf6 4.e3 Bg7 5.Qf3 d5 6.c4 c6 7.cxd5 cxd5 8.Nc3 Be6
9.Bb5+ Nc6 10.Nge2 O-O 11.O-O Ne7 12.Nf4 g5 13.Nd3 b6 14.Nb4 Qd6 15.a3 a5
16.Nba2 Nf5 17.g3 g4 18.Qe2 h5 19.Bd3 Bd7 20.Qc2 Ne7 21.Nb5 Bxb5 22.Bxb5 Rac8
23.Nc3 f5 24.Bd3 f4 25.gxf4 f5 26.Qb3 Kh8 27.Rfc1 Rfd8 28.Ba6 Rc7 29.Nb5 Rxc1+
30.Rxc1 Qe6 31.Nc3 h4 32.Bf1 h3 33.Ne2 Bf6 34.Ng3 Bh4 35.Bd3 Bxg3 36.hxg3 Ng8
37.Qc2 Ne7 38.Qb3 Ng8 39.Rc7 Ne7 40.Qc2 Rd6 41.Kh2 Rd7 42.Rxd7 Qxd7 43.f3 Qe6
44.Qe2 Kg7 45.fxg4 Kf6 46.gxf5 Nxf5 47.Qh5 Nxe3 48.Qg6+ Ke7 49.Qxe6+ Kxe6
50.Kxh3 Nd1 51.Bc2 Nxb2 52.a4 Nc4 53.g4 Nd6 54.Kh4 b5 55.axb5 Nxb5 56.f5+ Kf7
57.Kg5 Nxd4 58.Ba4 Kg7 59.Bd1 Nb5 60.f6+ Kf7 61.Bc2 Nc3 62.Kf5 Ne2 63.Ke5 Ng1
64.g5 Nf3+ 65.Kf4 Nd4 66.Bd1 Ne6+ 67.Kf5 Nc7 68.g6+ Kf8 69.g7+ Kg8 70.Kg6  1-0

[Event "Lone Pine"]
[Site "Lone Pine"]
[Date "1976.??.??"]
[Round "1"]
[White "Taylor, Timothy"]
[Black "Grefe, John A"]
[Result "0-1"]
[WhiteElo "2200"]
[BlackElo "2420"]

1.d4 Nf6 2.Bg5 c5 3.Nc3 Qa5 4.Bxf6 gxf6 5.e3 cxd4 6.exd4 e6 7.Bd3 Nc6 8.Ne2 d5
9.O-O Bd7 10.a3 a6 11.b4 Qc7 12.b5 Na5 13.bxa6 bxa6 14.Qe1 Be7 15.f4 Nc4
16.Rb1 Nxa3 17.Rb3 Rb8 18.Qg3 Rxb3 19.cxb3 f5 20.Qg7 Rf8 21.Re1 Qb7 22.Qxh7 Qxb3
23.Bxa6 Bf6 24.Qh3 Nc2 25.Rb1 Qa3 26.Bd3 Nxd4 27.Kh1 Nxe2 28.Nxe2 Qa7 29.Ng3 Rh8
30.Nh5 Kf8 31.Qf3 Bd4 32.h3 Ke7 33.Re1 Qa5 34.Rd1 Qc3 35.Ng3 Qb3 36.Qe2 Kf8
37.Rb1 Qa3 38.Rb8+ Kg7 39.Rxh8 Qc1+ 40.Kh2  0-1

[Event "Hoogovens-B"]
[Site "Wijk aan Zee"]
[Date "1976.??.??"]
[Round "5"]
[White "Marcus, Joost"]
[Black "Boersma, Paulus A"]
[Result "0-1"]
[WhiteElo "2365"]
[BlackElo "2345"]

1.d4 Nf6 2.Bg5 c5 3.Bxf6 gxf6 4.d5 Qb6 5.Nd2 Qxb2 6.e3 Qe5 7.c4 d6 8.Ngf3 Qc3
9.Rb1 f5 10.Rb3 Qf6 11.Bd3 e5 12.dxe6 fxe6 13.e4 Bg7 14.O-O O-O 15.Re1 Nc6
16.Qc2 b6 17.Nb1 Bb7 18.exf5 exf5 19.Bf1 Qg6 20.Qd2 Kh8 21.Rd3 Nd4 22.Nxd4 Bxd4
23.Nc3 f4 24.Nd5 Be5 25.Be2 Rf7 26.Bf3 Rg8 27.Ra3 Bc8 28.Be4 Qh5 29.Bf3 Qh4
30.Kh1 Rfg7 31.Rxe5 dxe5 32.Qe1 Re8 33.g3 fxg3 34.fxg3 Qg5 35.Be4 Rf8 36.Rf3 Rgf7
37.Rxf7 Rxf7 38.Kg2 Qh5 39.Ne3 Bh3+ 40.Kg1 Qg5  0-1

[Event "IBM"]
[Site "Amsterdam"]
[Date "1977.??.??"]
[Round "9"]
[White "Timman, Jan H"]
[Black "Torre, Eugenio"]
[Result "1-0"]
[WhiteElo "2590"]
[BlackElo "2550"]

1.d4 Nf6 2.Bg5 c5 3.d5 Ne4 4.Bf4 Qb6 5.Qc1 g6 6.c3 d6 7.Na3 Nf6 8.e4 Bg7
9.Bd3 Qd8 10.Ne2 O-O 11.O-O Na6 12.h3 Bd7 13.Ng3 Rb8 14.Nc2 b5 15.b4 Ne8
16.Qa3 Qb6 17.Be3 Qb7 18.Rab1 c4 19.Be2 Nac7 20.Rbd1 Ra8 21.f4 Qa6 22.Qb2 Qa4
23.Bd4 a5 24.e5 Nxd5 25.exd6 Bxd4+ 26.Rxd4 e6 27.Bf3 Bc6 28.Bxd5 Bxd5 29.f5 axb4
30.Nxb4 Qa7 31.Nxd5 exd5 32.Qxb5 Nxd6 33.Qxd5 Rad8 34.fxg6 hxg6 35.Rf6 Nf5
36.Rxg6+ Ng7 37.Nh5  1-0

[Event "YMCA"]
[Site "Buenos Aires"]
[Date "1977.??.??"]
[Round "5"]
[White "Franco Ocampo, Zenon"]
[Black "Sanguineti, Raul"]
[Result "1/2-1/2"]
[WhiteElo "2315"]
[BlackElo "2505"]

1.d4 Nf6 2.Bg5 d5 3.Bxf6 gxf6 4.e3 c6 5.c3 Qb6 6.b3 Bf5 7.Bd3 Bg6 8.f4 Bxd3
9.Qxd3 e6 10.Nd2 f5 11.Ngf3 Nd7 12.c4 Bb4 13.Ke2 Rg8 14.g3 Bxd2 15.Nxd2 Nf6
16.c5 Qc7 17.b4 Ne4 18.Nxe4 fxe4  1/2-1/2

[Event "Rome"]
[Site "Rome"]
[Date "1977.??.??"]
[Round "?"]
[White "Vaganian, Rafael A"]
[Black "Passerotti, Pierluigi"]
[Result "1-0"]
[WhiteElo "2570"]
[BlackElo "2380"]

1.d4 Nf6 2.Bg5 c5 3.d5 Qb6 4.Nc3 Qxb2 5.Bd2 Qb6 6.e4 d6 7.f4 a6 8.e5 dxe5
9.fxe5 Ng4 10.e6 Nf6 11.exf7+ Kxf7 12.Nf3 g6 13.Bc4 Qd6 14.O-O b5 15.Ne4 Nxe4
16.Ng5+ Kg8 17.Nxe4 Qe5 18.Qf3 Bf5 19.Bd3 c4 20.Bc3 Qc7 21.g4 cxd3 22.gxf5 Nd7
23.fxg6  1-0

[Event "Sochi"]
[Site "Sochi"]
[Date "1977.??.??"]
[Round "4"]
[White "Durao, Joaquim"]
[Black "Ftacnik, Lubomir"]
[Result "0-1"]
[WhiteElo "2305"]
[BlackElo "2360"]

1.d4 Nf6 2.Bg5 g6 3.Bxf6 exf6 4.e3 Bg7 5.Ne2 b6 6.Nf4 Bb7 7.c4 d6 8.Nc3 Nd7
9.h4 f5 10.h5 Nf6 11.Bd3 O-O 12.Qc2 c5 13.d5 a6 14.Rh3 Bc8 15.O-O-O b5 16.hxg6 hxg6
17.Rdh1 bxc4 18.Bxc4 Re8 19.f3 Rxe3 20.Nd1 Re8 21.g3 Rb8 22.Qh2 Kf8 23.Nd3 Ke7
24.Qd2 Ng8 25.Rh7 Kf8 26.N1f2 Qf6 27.Qf4 Bd7 28.Nd1 Bb5 29.Bxb5 axb5 30.Nc3 b4
31.Nd1 c4 32.N3f2 c3 33.Nd3 g5 34.Qc4 cxb2+ 35.Kb1 b3 36.a4 Rec8 37.Qa6 Rc2  0-1

[Event "SWE-ch"]
[Site "?"]
[Date "1977.??.??"]
[Round "?"]
[White "Helmertz, Per Inge"]
[Black "Bengtsson, Bo"]
[Result "0-1"]
[WhiteElo "2295"]
[BlackElo "2340"]

1.d4 Nf6 2.Bg5 d5 3.Nd2 Nc6 4.Bxf6 exf6 5.e3 Qe7 6.Ne2 g6 7.Nf4 Be6 8.c4 O-O-O
9.cxd5 Bxd5 10.Nxd5 Rxd5 11.Be2 Bh6 12.Nb3 Qb4+ 13.Kf1 f5 14.g3 Na5 15.Nxa5 Rxa5
16.Qc2 Qd6 17.Bf3 f4 18.gxf4 g5 19.f5 g4 20.Bxg4 Qd5 21.Rg1 Rxa2 22.Rc1 c6
23.Be2 Ra5 24.b4 Ra2 25.Qb1 Ra3 26.b5 Rb3 27.Qc2 Rxb5 28.e4 Qb3 29.Qxb3 Rxb3
30.Ra1 Rd8 31.Bc4 Rb2 32.Bxf7 Rxd4 33.Rg3 Rxe4 34.Rxa7 Rf4 35.f3 Rxh2 36.Ra8+ Kc7
37.Be6 Rb4 38.Ra1 Be3 39.Rg2 Rh1+ 40.Ke2 Rxa1 41.Rg7+ Kd6  0-1

[Event "Vrbas"]
[Site "Vrbas"]
[Date "1977.??.??"]
[Round "7"]
[White "Sahovic, Dragutin"]
[Black "Ribli, Zoltan"]
[Result "0-1"]
[WhiteElo "2460"]
[BlackElo "2595"]

1.d4 Nf6 2.Bg5 c5 3.d5 Qb6 4.Nc3 Qxb2 5.Bd2 Qb6 6.e4 e5 7.f4 d6 8.Nf3 Nbd7
9.a4 exf4 10.a5 Qd8 11.Bxf4 Be7 12.Nd2 O-O 13.Nc4 Ne8 14.Nb5 a6 15.Nbxd6 Bxd6
16.Nxd6 Nxd6 17.Bxd6 Qh4+ 18.Bg3 Qxe4+ 19.Qe2 Qxd5 20.Qf3 Re8+ 21.Be2 Qc4
22.Qd3 Qxd3 23.cxd3 c4 24.dxc4 Nc5 25.O-O-O Nb3+ 26.Kb2 Nxa5 27.Kc3 Bf5 28.Rd5 Rxe2
29.Rxf5 Nc6 30.Rd1 Rae8 31.Rfd5 Rxg2 32.Rd7 Re3+ 33.R1d3 Rxd3+ 34.Rxd3 Re2
35.Bd6 h6 36.h4 Re4 37.h5 f6 38.Rd1 Re3+ 39.Kd2 Rh3 40.Rb1 Na5 41.c5 Rxh5
42.Kc3 Kf7 43.Kb4 b6  0-1

[Event "JUG-ch"]
[Site "Zagreb"]
[Date "1977.??.??"]
[Round "5"]
[White "Sahovic, Dragutin"]
[Black "Minic, Dragoljub"]
[Result "1-0"]
[WhiteElo "2460"]
[BlackElo "2470"]

1.d4 Nf6 2.Bg5 c5 3.d5 Qa5+ 4.Bd2 Qc7 5.Nc3 d6 6.g3 e5 7.Bg2 g6 8.Nf3 Bg7
9.O-O O-O 10.e4 Nbd7 11.Qe2 a6 12.a4 b6 13.b3 Rb8 14.Rfb1 Ne8 15.h4 Qd8 16.Bh3 Nc7
17.h5 Nf6 18.Bxc8 Qxc8 19.hxg6 fxg6 20.Kg2 Qd7 21.Rh1 Ng4 22.Raf1 b5 23.Ng5 Nf6
24.f3 h6 25.Nh3 bxa4 26.Nxa4 Qb5 27.Ng1 h5 28.Nb2 Rf7 29.Nc4 Qd7 30.Nh3 Nh7
31.Ng5 Nxg5 32.Bxg5 Nb5 33.Be3 Rbf8 34.Qd3 Bf6 35.c3 Be7 36.Na5 Kg7 37.Nc6 Re8
38.b4 cxb4 39.Nxb4 Rc8 40.c4 Nc7 41.Nc6 Rh8 42.c5 Bf6 43.f4 Nb5 44.cxd6 Qxd6
45.fxe5 Bxe5 46.Rxf7+ Kxf7 47.Rf1+ Kg7 48.Bg5 Bc3 49.Qf3 Rg8 50.e5  1-0

[Event "IBM-B"]
[Site "Amsterdam"]
[Date "1978.??.??"]
[Round "9"]
[White "Bohm, Hans"]
[Black "Jussupow, Artur"]
[Result "1/2-1/2"]
[WhiteElo "2410"]
[BlackElo "2450"]

1.d4 Nf6 2.Bg5 c5 3.d5 Ne4 4.Bf4 Qb6 5.Bc1 e6 6.f3 Nf6 7.dxe6 fxe6 8.e4 Nc6
9.Nc3 Be7 10.f4 O-O 11.e5 Nd5 12.Nxd5 exd5 13.Qxd5+ Kh8 14.c3 d6 15.e6 Bh4+
16.Kd1 Bxe6 17.Qxe6 Rae8 18.Qc4 d5 19.Qb5 Re1+ 20.Kc2 Qxb5 21.Bxb5 Bf2 22.Rb1 Rxg1
23.Rxg1 Bxg1 24.h3 Re8 25.Bd2 Bh2 26.b3 a6 27.Bd3 b5 28.a4 c4 29.bxc4 bxc4
30.Bf5 Na5 31.Rb6 Nb3 32.Rxa6 g6 33.Bg4 Nxd2 34.Kxd2 Bxf4+ 35.Kc2 Re3 36.Ra5 Rd3
37.Bf3 Rd2+ 38.Kb1 d4 39.Rd5 dxc3 40.Rxd2 cxd2 41.a5  1/2-1/2

[Event "Buenos Aires ol (Men)"]
[Site "Buenos Aires"]
[Date "1978.??.??"]
[Round "?"]
[White "Fuller, Maxwell L"]
[Black "Ogaard, Leif"]
[Result "1-0"]
[WhiteElo "2390"]
[BlackElo "2435"]

1.d4 Nf6 2.Bg5 g6 3.Bxf6 exf6 4.e3 Bg7 5.Bd3 O-O 6.Ne2 d6 7.Nd2 f5 8.h4 Nd7
9.h5 Nf6 10.hxg6 hxg6 11.Nf4 Re8 12.Qf3 c6 13.O-O-O Qa5 14.Kb1 Be6 15.Nxe6 Rxe6
16.Rh4 Rae8 17.Nc4 Qd8 18.Rdh1 Ng4 19.a3 d5 20.Nd2 Qf6 21.Qg3 c5 22.Nf3 c4
23.Be2 Rb6 24.c3 Qd6 25.Qxd6 Rxd6 26.Rf1 b5 27.Ne1 Nf6 28.g3 a5 29.b4 Ra6
30.Nc2 axb4 31.cxb4 Ne4 32.Kb2 Rea8 33.Rh2 c3+ 34.Ka2 Nd2 35.Bxb5 Rb6 36.Bd3 Bf8
37.Rfh1 Rxa3+ 38.Kxa3 Rb7 39.Ka4  1-0

[Event "Buenos Aires ol (Women)"]
[Site "Buenos Aires"]
[Date "1978.??.??"]
[Round "?"]
[White "Alexandria, Nana"]
[Black "Shikova, Vesmina W"]
[Result "1-0"]
[WhiteElo "2345"]
[BlackElo "2115"]

1.d4 Nf6 2.Bg5 c5 3.Bxf6 gxf6 4.d5 Qb6 5.Qc1 f5 6.g3 Bg7 7.c3 e5 8.Bh3 Qf6
9.Nf3 O-O 10.Na3 d6 11.Qc2 Na6 12.Nh4 Nc7 13.Bxf5 Bxf5 14.Nxf5 Nxd5 15.Nc4 Rfd8
16.O-O-O b5 17.Rxd5 bxc4 18.Rhd1 Bf8 19.e4 Qg5+ 20.Kb1 Qh5 21.h4 Qf3 22.Ne3 a5
23.Nxc4 Be7 24.a4 Rdb8 25.Ka2 Rb7 26.R1d2 Rab8 27.Qd3 Qg4 28.Nxd6 Bxd6 29.Rxd6 Rc8
30.Rd8+ Rxd8 31.Qxd8+ Kg7 32.Qg5+ Qxg5 33.hxg5 f6 34.gxf6+ Kxf6 35.Rd6+  1-0

[Event "Buenos Aires ol (Men)"]
[Site "Buenos Aires"]
[Date "1978.??.??"]
[Round "?"]
[White "Wong, Sheldon MA"]
[Black "Valdellon"]
[Result "1-0"]
[WhiteElo "2200"]
[BlackElo "2200"]

1.d4 Nf6 2.Bg5 c5 3.Bxf6 gxf6 4.Nf3 Qb6 5.b3 cxd4 6.Qxd4 Qxd4 7.Nxd4 Nc6
8.Nb5 Rb8 9.e3 e6 10.c3 a6 11.Nd4 Ne5 12.a4 d5 13.Be2 Rg8 14.g3 Bd7 15.h3 Bd6
16.f4 Nc6 17.Kf2 e5 18.Nxc6 bxc6 19.Nd2 a5 20.Rad1 Bf5 21.c4 Ke7 22.cxd5 cxd5
23.Rc1 d4 24.exd4 exf4 25.g4 Be6 26.Bc4 Rgd8 27.Ne4 Bb4 28.Rhd1 f5 29.gxf5 Bxf5
30.Kf3 Bxh3 31.Kxf4 f5 32.Nf2 Bg2 33.Rc2 Bd6+ 34.Kxf5 Rf8+ 35.Kg5 h6+ 36.Kxh6 Bf4+
37.Kg7 Bf3 38.Re1+ Kd7 39.Nd3 Bh5 40.Nc5+ Kd6 41.Re6+ Kc7 42.Na6+ Kd7 43.Nxb8+ Rxb8
44.Re4 Bg5 45.Bb5+ Kd8 46.Rc6 Rb7+ 47.Kf8 Rf7+ 48.Kg8 Bf6 49.Rf4 Rg7+ 50.Kh8 Bf7
51.Rcxf6  1-0

[Event "ARG-ch"]
[Site "Buenos Aires"]
[Date "1978.??.??"]
[Round "?"]
[White "Casas, Fernando"]
[Black "Anelli, Antonio"]
[Result "0-1"]
[WhiteElo "2300"]
[BlackElo "2325"]

1.d4 Nf6 2.Bg5 g6 3.Bxf6 exf6 4.e3 f5 5.Nf3 Bg7 6.Nc3 d6 7.Bd3 Nd7 8.h4 Nf6
9.Ne2 Nh5 10.c3 Be6 11.d5 Bxd5 12.Bb5+ Bc6 13.Bxc6+ bxc6 14.Qa4 Qd7 15.Ned4 c5
16.Nc6 a6 17.Rc1 O-O 18.b3 a5 19.Qb5 Rab8 20.Qxb8 Rxb8 21.Nxb8 Qb5 22.Nd2 Qxb8
23.O-O Nf6 24.c4 Qd8 25.Rfd1 Ne4 26.Nxe4 fxe4 27.g3 Qd7 28.Rd5 Qh3 29.Rc2 Be5
30.Re2 f6 31.Rd1 g5 32.hxg5 fxg5 33.Rf1 Qg4 34.Rc2 h5 35.Kh2 Kg7 36.Rd2 Kg6
37.Rg1 Qf3 38.Rg2 h4 39.Kh3 hxg3  0-1

[Event "Buenos Aires ol (Women)"]
[Site "Buenos Aires"]
[Date "1978.??.??"]
[Round "?"]
[White "Arias, Julia"]
[Black "Fischdick, Gisela"]
[Result "1/2-1/2"]
[WhiteElo "1980"]
[BlackElo "2195"]

1.d4 Nf6 2.Bg5 g6 3.Bxf6 exf6 4.e3 d5 5.Nd2 Bd6 6.g3 c6 7.Bg2 O-O 8.Ngf3 a5
9.O-O Re8 10.c4 dxc4 11.Nxc4 Bf8 12.Rc1 Be6 13.a3 Na6 14.Ne1 Rc8 15.Nd3 Kg7
16.Nf4 b5 17.Nd2 Qb6 18.h4 Red8 19.h5 Bd7 20.Ne4 f5 21.Ng5 Nc7 22.hxg6 hxg6
23.Qb3 Be8 24.Rxc6 Qb8 25.Rfc1 Bd6 26.R6c2 Kf6 27.Nf3 Ne6 28.Ne5 Rxc2 29.Rxc2 Bxe5
30.dxe5+ Qxe5 31.Nd3 Qd6 32.Qc3+ Ke7 33.Nf4 Nxf4 34.gxf4 b4 35.axb4 axb4
36.Qc4 Bd7 37.Bf3 Rc8 38.Qb3 Be6 39.Qa4 Rxc2 40.Qxc2 Qb6  1/2-1/2

[Event "Buenos Aires ol (Men)"]
[Site "Buenos Aires"]
[Date "1978.??.??"]
[Round "?"]
[White "Franco Ocampo, Zenon"]
[Black "Robatsch, Karl"]
[Result "1/2-1/2"]
[WhiteElo "2315"]
[BlackElo "2430"]

1.d4 Nf6 2.Bg5 d5 3.Bxf6 exf6 4.e3 c6 5.Bd3 Bd6 6.Nd2 O-O 7.Ne2 Bg4 8.O-O Nd7
9.h3 Bh5 10.c4 dxc4 11.Nxc4 Bc7 12.Qc2 Bg6 13.Bxg6 hxg6 14.Rad1 Nb6 15.e4 Qe7
16.Ne3 Rfe8 17.Nc3 Bf4 18.Rfe1 Rad8 19.Qb3 Bxe3 20.Rxe3 Rd7 21.a4 Red8 22.a5 Nc8
23.Qc4 Qe6 24.d5 Qe5 25.b4 Ne7 26.b5 Qc7 27.bxc6 bxc6 28.Qa4 cxd5 29.exd5 Nf5
30.Red3 Nd6 31.Nb5 Nxb5 32.Qxb5 Rd6 33.Rd4 Qd7 34.Qc5 g5 35.Qc4 g6 36.Qd3 Kg7
37.a6 Qc8 38.Ra1 Qc5 39.Rd1 Qa5 40.Qc4 Qxa6 41.Qxa6 Rxa6 42.Rc4 Rd7 43.Rc5 f5
44.Kf1 Kf6 45.Re1 Rb6 46.Ra5 a6 47.Rea1 Rdd6 48.R1a2 f4 49.Ke2 Ke5 50.f3 f5
51.Kf2 Kf6 52.Ke2 Ke5 53.Kf2 Rxd5 54.Rxa6 Rxa6 55.Rxa6 Rd2+ 56.Kf1 Rd6 57.Ra4 Kf6
58.Kf2 Kg7 59.Kg1 Kh6 60.Kh2 Rd1 61.Rb4 Kh5 62.Ra4 Rf1 63.Ra6 g4 64.hxg4+ fxg4
65.fxg4+ Kg5 66.Rb6 Re1 67.Ra6 Re2 68.Kg1 Kh4 69.Kf1 Rb2 70.Ra3 Rb1+ 71.Kf2 Kxg4
72.Rc3 g5 73.Ra3 Kh4 74.g3+ Kg4 75.gxf4 Rb2+ 76.Kf1 gxf4 77.Rc3 Rh2 78.Ra3 Rh1+
79.Kf2  1/2-1/2

[Event "Buenos Aires ol (Men)"]
[Site "Buenos Aires"]
[Date "1978.??.??"]
[Round "?"]
[White "Radford, M."]
[Black "Hakki, Imad"]
[Result "0-1"]
[WhiteElo "2200"]
[BlackElo "2200"]

1.d4 Nf6 2.Bg5 c5 3.Bxf6 gxf6 4.Nf3 Qb6 5.b3 cxd4 6.Qxd4 Qc7 7.e3 Nc6 8.Qd2 Bg7
9.Na3 a6 10.c4 f5 11.Rd1 O-O 12.Bd3 e6 13.O-O b6 14.Nc2 Bb7 15.Ncd4 Rad8
16.Bb1 Nxd4 17.Nxd4 d5 18.Rc1 dxc4 19.Rxc4 Qd7 20.Qe2 b5 21.Rc3 Bxd4 22.Rd3 Qc6
23.f4 Bb6 24.Rd2 Rxd2 25.Qxd2 Bxe3+  0-1

[Event "URS-ch sf"]
[Site "Daugavpils"]
[Date "1978.??.??"]
[Round "?"]
[White "Kataev, V."]
[Black "Sturua, Zurab"]
[Result "0-1"]
[WhiteElo "2200"]
[BlackElo "2395"]

1.d4 Nf6 2.Bg5 c5 3.Bxf6 gxf6 4.e3 Qb6 5.b3 d5 6.Nf3 Nc6 7.c3 Bg4 8.Be2 e6
9.O-O Bg7 10.Nh4 Bxe2 11.Qxe2 f5 12.Nd2 O-O 13.Rac1 Rac8 14.Nhf3 Qa5 15.a4 a6
16.Qd3 cxd4 17.exd4 Ne7 18.Rfe1 Rc7 19.Nb1 Rfc8 20.Qd1 Qb6 21.b4 a5 22.b5 Qd6
23.Qb3 Ng6 24.Nbd2 Nf4 25.Rc2 Bh6 26.g3 Nh5 27.Rec1 Nf6 28.c4 dxc4 29.Rxc4 Nd5
30.Rxc7 Rxc7 31.Rxc7 Qxc7 32.Nc4 Bf8 33.b6 Qd8 34.Qb5 Bb4 35.Nxa5 Bxa5 36.Qxa5 Qxb6
37.Qa8+ Kg7 38.Qe8 Qb1+ 39.Kg2 Qe4 40.a5 Qe2 41.Qd8 f6 42.Qd7+ Kh6 43.Qxb7 Ne3+
44.Kh1 Qf1+ 45.Ng1 Ng4 46.h3 Nxf2+ 47.Kh2 Ne4 48.Qb2 Qe1 49.Qg2 Qxa5 50.Nf3 Qc7
51.h4 Kg6 52.Kh3 Qc1 53.g4 h5 54.gxf5+ Kxf5 55.d5 exd5 56.Nd4+ Ke5 57.Nf3+ Kf4  0-1

[Event "URS-ch sf"]
[Site "Daugavpils"]
[Date "1978.??.??"]
[Round "?"]
[White "Shereshevsky, Yakov I"]
[Black "Zhidkov, Valery S"]
[Result "1-0"]
[WhiteElo "2460"]
[BlackElo "2520"]

1.d4 Nf6 2.Bg5 c5 3.Nc3 cxd4 4.Qxd4 Nc6 5.Qh4 e6 6.e4 Be7 7.Nf3 Qa5 8.Bd3 h6
9.O-O Nd4 10.Nxd4 Qxg5 11.Qxg5 hxg5 12.e5 Ng4 13.Nf3 f5 14.Rad1 a6 15.Na4 Bd8
16.b4 b6 17.h3 Nh6 18.b5 Nf7 19.Rfe1 Bc7 20.bxa6 Bxa6 21.Bxa6 Rxa6 22.Rd4 Ke7
23.Rb4 b5 24.Nc5 Rxa2 25.Rxb5 Rxc2 26.Na6 Ra8 27.Nb4 Rc3 28.Rb7 Ra5 29.Rd1 Nxe5
30.Nxg5 Nf7 31.Nxf7 Kxf7 32.Rxd7+  1-0

[Event "URS-ch sf"]
[Site "Daugavpils"]
[Date "1978.??.??"]
[Round "?"]
[White "Tseitlin, Mark D"]
[Black "Taborov, Boris"]
[Result "1/2-1/2"]
[WhiteElo "2480"]
[BlackElo "2370"]

1.d4 Nf6 2.Bg5 c5 3.Nc3 cxd4 4.Qxd4 Nc6 5.Qh4 d6 6.O-O-O Qa5 7.e4 Bd7 8.Bc4 h6
9.Bxf6 gxf6 10.Nd5 Rg8 11.Ne2 Rg4 12.Qh5 Ne5 13.Nxf6+ exf6 14.Rd5 Qxd5 15.Bxd5 Rg5
16.Bxf7+ Nxf7 17.Qf3 Bg4 18.Qe3 Bxe2 19.Qxe2 Rc5 20.f4 b5 21.Rd1 Rac8 22.Rd5 Be7
23.c3 b4 24.Rxc5 Rxc5 25.Qa6 bxc3 26.b4 Rc7 27.Qb5+ Kd8 28.Qd5 Ke8 29.a4 Nd8
30.Qh5+ Kd7 31.Qxh6 Nc6 32.Qh3+ Kd8 33.Qh8+ Kd7 34.Qh5 Nxb4 35.Qb5+ Nc6 36.Kc2 a6
37.Qf5+ Ke8 38.Kxc3 Nd8+ 39.Kd3 Rc5 40.Qg6+ Nf7 41.h4 Ra5 42.h5 Bf8 43.Qxf6 Rxh5
44.Qe6+ Be7 45.Qc8+ Nd8 46.Qxa6 Ne6 47.Ke3 Rc5 48.a5 Rc3+ 49.Kd2 Rg3 50.Qb5+ Kd8
51.Qf1 Nxf4 52.a6 Ne6 53.Qf2 Rg5 54.a7 Nc7 55.e5 Rxe5 56.Qb6 Kd7 57.Qb4 Rg5
58.Qa4+ Kd8 59.Ke3 Rc5  1/2-1/2

[Event "URS-ch sf"]
[Site "Daugavpils"]
[Date "1978.??.??"]
[Round "?"]
[White "Gusev, Vladimir A"]
[Black "Petrushin, Alexander I"]
[Result "0-1"]
[WhiteElo "2410"]
[BlackElo "2355"]

1.d4 Nf6 2.Bg5 g6 3.Nc3 Bg7 4.e4 O-O 5.e5 Ne8 6.f4 f6 7.Bh4 fxe5 8.fxe5 c5
9.Nf3 cxd4 10.Qxd4 Nc6 11.Qe4 d6 12.Bc4+ Kh8 13.e6 Ne5 14.O-O-O Nxf3 15.gxf3 Bh6+
16.Kb1 Rf4 17.Qe5+ Kg8 18.Qxf4 Bxf4 19.Nd5 g5 20.Nxf4 gxh4 21.Rhg1+ Kh8 22.Nh5 Nc7
23.Rd4 Bxe6 24.Bd3 Qf8 25.Rxh4 Qh6 26.f4 Rg8 27.Re1 Bf7 28.Be2 Qe6  0-1

[Event "URS-ch sf"]
[Site "Daugavpils"]
[Date "1978.??.??"]
[Round "?"]
[White "Gusev, Vladimir A"]
[Black "Kapengut, Albert Z"]
[Result "1/2-1/2"]
[WhiteElo "2410"]
[BlackElo "2465"]

1.d4 Nf6 2.Bg5 c5 3.d5 e5 4.dxe6 fxe6 5.e4 Nc6 6.Nc3 Be7 7.Bxf6 Bxf6 8.Qh5+ g6
9.Qxc5 Bd4 10.Qc4 a6 11.Nf3 b5 12.Qd3 Bg7 13.Be2 Qc7 14.O-O Bb7 15.Rfd1 Rd8
16.a3 O-O 17.Qd6 Qxd6 18.Rxd6 Kf7 19.Re1 h6 20.Bf1 g5 21.h3 Ke8 22.Nd1 Rc8
23.c3 Rf4 24.Rd2 Na5 25.Rde2 Nb3 26.Re3 Ke7 27.Bd3 Rc5 28.Bc2 Na1 29.Bb1 Nb3
30.Ba2 Nc1 31.Bb1 Nb3 32.Nh2 a5 33.Nf1 a4 34.f3 Rc8 35.Nf2 Rh8 36.Nd3 Rff8
37.Ba2 Na5 38.Nc5 Bc6 39.Rd1 Be5 40.Red3 Rd8 41.Ne3 Bc7 42.Na6 Bb6 43.Kf1 Rhf8
44.Ke2 h5 45.Nb4 Bb7 46.Ned5+ exd5 47.Nxd5+ Bxd5 48.Rxd5 Bc7 49.Rxg5 h4 50.Rg7+ Kf6
51.Rgxd7 Rxd7 52.Rxd7 Bg3 53.Ra7 Nb3 54.Ra6+ Ke7 55.Bxb3 axb3 56.a4 Rc8 57.Ra5 b4
58.Kd3 bxc3 59.bxc3 Be1 60.Re5+ Kd6 61.Rd5+ Kc6 62.Rb5 Rg8 63.Rxb3 Rxg2 64.e5 Bg3
65.e6 Bd6 66.Rb1 Rg3 67.Ke4 Rxh3 68.a5 Rh2 69.Ra1 Re2+ 70.Kf5 Re3 71.a6 Rxf3+
72.Kg4 Rf8 73.Kxh4 Kd5 74.Re1 Re8 75.Kg5 Be5 76.a7 Kxe6 77.Ra1 Rg8+ 78.Kh5 Ra8
79.Ra6+ Kd7 80.c4 Bd4 81.Kg6 Kc7 82.Kf7 Bxa7 83.Ra2 Kc6 84.Kg6 Kd6 85.Rb2 Ke5
86.Re2+ Kd4 87.Ra2 Kxc4 88.Ra6 Kb5 89.Ra2 Kc6 90.Ra1 Kb7 91.Kf7 Rh8 92.Rc1 Rh5
93.Ke6 Bc5 94.Ra1 Kc6 95.Ra6+ Bb6 96.Ra2 Rh1 97.Rc2+ Bc5 98.Re2 Rh8 99.Re4 Rf8
100.Re5 Bd4 101.Re4 Kc5 102.Ke7 Rf5 103.Re6 Rg5 104.Rh6 Kd5 105.Rd6+ Ke4
106.Rc6 Rf5  1/2-1/2

[Event "Eerbeek"]
[Site "Eerbeek"]
[Date "1978.??.??"]
[Round "2"]
[White "Pribyl, Josef"]
[Black "Kelecevic, Nedeljko"]
[Result "1-0"]
[WhiteElo "2455"]
[BlackElo "2410"]

1.d4 d5 2.Bg5 Nf6 3.Bxf6 exf6 4.e3 c6 5.Bd3 Bd6 6.c3 Qc7 7.Ne2 Bg4 8.h3 Bxe2
9.Qxe2 g6 10.Nd2 Nd7 11.O-O-O O-O-O 12.Kb1 f5 13.g4 fxg4 14.hxg4 Kb8 15.Qf3 Rdf8
16.Rh6 Qd8 17.Rdh1 Qg5 18.Qh3 Rd8 19.Nf3 Qf6 20.g5 Qe7 21.Rxh7 Rhg8 22.Qg4 Nf8
23.R7h3 b5 24.e4 Ne6 25.e5 Bc7 26.Rh7 Bb6 27.Qg3 Kb7 28.Nh4 Nf8 29.Rh6 Ne6
30.f4 b4 31.f5 gxf5 32.Nxf5 Qf8 33.Nd6+ Rxd6 34.exd6 Rxg5 35.Qf2 Rg8 36.Rf1 Ng5
37.Qh2 Qe8 38.Qe5 bxc3 39.bxc3 Qb8 40.Rh2 Ka8 41.Rb2 Qc8  1-0

[Event "Eerbeek"]
[Site "Eerbeek"]
[Date "1978.??.??"]
[Round "4"]
[White "Pribyl, Josef"]
[Black "Van der Sterren, Paul"]
[Result "1-0"]
[WhiteElo "2455"]
[BlackElo "2400"]

1.d4 Nf6 2.Bg5 c5 3.Bxf6 gxf6 4.d5 Qb6 5.Qc1 f5 6.e3 Bg7 7.c3 d6 8.g3 Nd7
9.Nd2 Nf6 10.Bg2 c4 11.Nxc4 Qc5 12.Nd2 Nxd5 13.Ne2 Nf6 14.O-O O-O 15.c4 Rb8
16.Nd4 Bd7 17.Qb1 a5 18.Qd3 Rfc8 19.Rfc1 e6 20.h3 Bc6 21.Nxc6 bxc6 22.Rab1 a4
23.Qc2 h6 24.Qxa4 Ra8 25.Qd1 Rxa2 26.b4 Qa7 27.Nb3 Qb8 28.Nd4 d5 29.cxd5 cxd5
30.Nc6 Rxc6 31.Rxc6 Nd7 32.Qc1 Kh7 33.b5 Be5 34.Rc8 Qa7 35.Rc6 Nb8 36.b6 Qa6
37.Bf1 Qa5 38.Rc7 Qa4 39.Rxf7+ Kg6 40.Ra7 Qc2 41.Qxc2 Rxc2 42.Bb5  1-0